000
00268nam a2200097Ia 4500
082
_a
821 DEKO
245
0
_a
Terrestrial things : poems
100
_a
DE KOK, Ingrid South Africa, 2002 1st ed
_9
48258
942
_c
BK
008
210817s9999 xx 000 0 und d
999
_c
157216
_d
157215